Statistics for Top 15 Countries with Covid-19 Cases - 10 January 2021

Click here to take the quiz!

General Stats

  • This quiz has been taken 15 times
  • The average score is 17 of 29

Answer Stats

country% Correct
India
100%
United Kingdom
100%
United States
100%
France
93%
Germany
93%
Russia
93%
Brazil
87%
Italy
87%
Spain
87%
Argentina
73%
Mexico
73%
Turkey
73%
Poland
67%
Colombia
60%
Iran
53%
Israel
53%
Netherlands
53%
Sweden
53%
Belgium
47%
Czechia
40%
Bahrain
33%
Panama
33%
Qatar
33%
Switzerland
33%
Armenia
27%
Croatia
27%
Georgia
27%
Slovenia
27%
Lithuania
13%

Score Distribution

Percentile by Number Answered

Percent of People with Each Score

Your Score History

You have not taken this quiz